000 02021cam a22004934i 4500
003 PE-LiUPU
005 20250731165518.0
008 150623s r 000 0 d
020 _a184127206X
035 _a(Sirsi) i9781841272061
040 _aPE-LiUPU
_bspa
_cPE-LiUPU
_erda
049 _aPRUA
082 0 4 _a016.221
_bS76
_221
245 0 0 _aSociety for old testament study :
_bbook list 2001 /
_cGeorge J. Brooke ed.
264 1 _aSheffield, England :
_bSheffield Academic Press,
_c2001.
300 _a190 páginas ;
_c24 centímetros
336 _atext
_2rdacontent
337 _aunmediated
_2rdamedia
338 _avolume
_2rdacarrier
504 _aIncluye bibliografía.
505 0 _aArchaeology an epigraphy. History, Geography and sociology. Texts and versins. Exegesis and moderm translations. Literary criticism and introduction (including history of interpretation, canon and special studies). Law, religion and theology. The life and thought of the surrounding peoples. Apocrypha and post-biblical studies. Philology and grammar.
526 _aSEG44
526 _aSEG26
526 _aP151
526 _aP150
526 _aP149
526 _aP146
526 _aP145
526 _aP126
526 _aP125
526 _aP92
526 _aP75
526 _aP74
526 _aP27
526 _aP15
630 _aBiblia.
_pA.T.
_xBibliografía.
700 1 _aBrooke, George J.,
_eed.
942 _2ddc
_cBOOK
949 _aRC 016.221 S76
_wDEWEY
_c1
_i51013
_lCCODEBUL1
_mBUL
_p10.00
_r0
_sY
_tBOOK
_u2015-6-24
_xTEOLOGIA
_PP35
_0COMPRA
_o.CIRCNOTE. No olvidar cambiar la fecha de devolución!!!!!!!
_o.STAFF. Colección General
994 _aC0
_bPEPRU
596 _a1
999 _aRC 016.221 S76
_wDEWEY
_c32699
_i51013
_f2021-11-8
_g5
_lCCODEBUL1
_mBUL
_p10.00
_r1
_sY
_tBOOK
_u2015-6-24
_xTEOLOGIA
_PP35
_0COMPRA
_o.CIRCNOTE. No olvidar cambiar la fecha de devolución!!!!!!!
_o.STAFF. Colección General
_d32699
980 _81
_gALBERTO SANCHEZ Responsable de Automatización